| 000 | 01696nam a22004217a 4500 | ||
|---|---|---|---|
| 003 | CHAP | ||
| 005 | 20220329143931.0 | ||
| 008 | 100912s2012 mx r 00010 spa d | ||
| 010 | _a103910 | ||
| 011 | _a104882 | ||
| 035 | _a115572 | ||
| 040 | _cCHAP | ||
| 090 | _aTesis | ||
| 100 | 0 | 0 |
_aReza Salgado, Juventino. _997104 |
| 245 | 1 | 0 |
_aAnálisis de la competitividad de la producción de mango en el municipio de Tecpan de Galeana, Guerrero, México _h[En línea] _c/por Juventino Reza Salgado |
| 260 |
_aChapingo, Méx. : _bEl autor, _c2012 |
||
| 500 | _aPara ver el contenido del material haga clic en la liga | ||
| 502 | _aTesis (Ph.D. en Economía Agrícola) -- UACH. División de Ciencias Económico Administrativas | ||
| 590 |
_aALEPH _b10 _c20130110 _lUCH01 _h1546 |
||
| 590 |
_aBATCH-UPD _b10 _c20130110 _lUCH01 _h0304 |
||
| 590 |
_aBATCH-UPD _b10 _c20130110 _lUCH01 _h0418 |
||
| 590 |
_aBATCH-UPD _b10 _c20130409 _lUCH01 _h2208 |
||
| 590 |
_aBATCH-UPD _b10 _c20130409 _lUCH01 _h2246 |
||
| 590 |
_aBATCH-UPD _b10 _c20130409 _lUCH01 _h2319 |
||
| 590 |
_aBATCH-UPD _b10 _c20130914 _lUCH01 _h1743 |
||
| 590 |
_aBATCH-UPD _b10 _c20140324 _lUCH01 _h1534 |
||
| 590 |
_aBATCH-UPD _b10 _c20141002 _lUCH01 _h0855 |
||
| 590 |
_aCONVERSION _b10 _c20130109 _lUCH01 _h1357 |
||
| 650 | 1 | 4 |
_aMango _xAnálisis. _970397 |
| 650 | 1 | 4 |
_aMango _xAspectos económicos. _970398 |
| 650 | 1 | 4 |
_aMango _xCostos de producción. _970404 |
| 650 | 1 | 4 |
_aMango _xGuerrero. _970423 |
| 856 |
_3Finding aid _uhttp://10.13.5.2/tesis/115572.pdf _zTeclea aqui |
||
| 901 | _aBK | ||
| 942 | _cFOLL | ||
| 949 |
_aTesis _bBC _cTES _d33724002348314 _eTS2 _fc.2 _h54022 _i115572 _st |
||
| 949 |
_aTesis _bBC _cTES _d33724002348355 _eTS1 _h54021 _i115572 _st |
||
| 999 |
_c103910 _d103910 |
||